| 000 | 00487nam a2200193Ia 4500 | ||
|---|---|---|---|
| 008 | 170918s9999 xx 000 0 und d | ||
| 020 | _a9780545645164 | ||
| 050 | _bB395 2009 | ||
| 100 | _aBecker, Bonny | ||
| 245 | 2 | _aA birthday for bear / | |
| 245 | _cBonny Becker ; illustrated by Kady MacDonald Denton. | ||
| 260 | _aNew York : | ||
| 260 | _bScholastic, | ||
| 260 | _c2009 | ||
| 300 | _a50 pages : | ||
| 300 | _bcolored illustration ; | ||
| 300 | _c23cm. | ||
| 500 | _a520 | ||
| 999 |
_c341684 _d341684 |
||